№ 168 : Философия: [сборник статей]; Ученые записки [Ленинградского государственного университета]

Bibliografische gegevens
Parent link:Ученые записки [Ленинградского государственного университета]: сборник статей/ Ленинградский государственный университет (ЛГУ). № 168 : Философия.— , 1937-
Coauteur: Ленинградский государственный университет (ЛГУ) Философский факультет
Andere auteurs: Мелещенко З. Н. (редактор)
Taal:Russisch
Gepubliceerd in: 1955
Reeks:Серия философских наук Вып. 5
Onderwerpen:
Formaat: Boek
KOHA link:https://koha.lib.tpu.ru/cgi-bin/koha/opac-detail.pl?biblionumber=322304

MARC

LEADER 00000nam2a2200000 4500
001 322304
005 20231102003448.0
035 |a (RuTPU)RU\TPU\book\347860 
035 |a RU\TPU\book\350018 
090 |a 322304 
100 |a 20161116d1955 k y0rusy50 ca 
101 0 |a rus 
102 |a RU 
105 |a y z 001zd 
200 0 |a № 168 : Философия  |e [сборник статей]  |f Ленинградский государственный университет (ЛГУ), Философский факультет ; отв. ред. З. Н. Мелещенко 
210 |d 1955 
215 |a 271 с. 
225 1 |a Серия философских наук  |v Вып. 5 
320 |a Библиогр. в примеч. 
461 1 |0 (RuTPU)RU\TPU\book\347780  |t Ученые записки [Ленинградского государственного университета]  |o сборник статей  |f Ленинградский государственный университет (ЛГУ)  |v № 168 : Философия  |d 1937-  
600 1 |a Плеханов  |b Г. В.  |c российский политический деятель  |c философ  |c теоретик марксизма  |f 1856-1918  |g Георгий Валентинович  |2 stltpush  |3 (RuTPU)RU\TPU\pers\1148  |9 520 
600 1 |a Тимирязев  |b К. А.  |c русский естествоиспытатель  |c один из основоположников русской школы физиологов растений  |f 1843-1920  |g Климент Аркадьевич  |2 stltpush  |3 (RuTPU)RU\TPU\pers\12639  |9 3598 
600 1 |a Чернышевский  |g Николай Гаврилович  |b Н. Г.  |c публицист  |f 1828-1889  |c литературный критик  |c писатель  |2 stltpush  |3 (RuTPU)RU\TPU\pers\861 
600 1 |a Добролюбов  |g Николай Александрович  |b Н. А.  |c русский литературный критик  |f 1836-1861  |c публицист  |c революционный демократ  |2 stltpush  |3 (RuTPU)RU\TPU\pers\1478 
600 1 |a Пестель  |b П. И.  |c русский дворянин  |f 1793-1826  |g Павел Иванович  |c декабрист  |c полковник Вятского пехотного полка  |2 stltpush  |3 (RuTPU)RU\TPU\pers\10788 
600 1 |a Радищев  |g Александр Николаевич  |b А. Н.  |c русский мыслитель  |c писатель  |f 1749-1802  |2 stltpush  |3 (RuTPU)RU\TPU\pers\1365 
600 1 |a Сковорода  |g Григорий Саввич  |f 1722-1794  |c украинский философ  |c педагог  |c поэт  |b Г. С.  |2 stltpush  |3 (RuTPU)RU\TPU\pers\967 
606 1 |a Философия  |x История  |2 stltpush  |3 (RuTPU)RU\TPU\subj\63881  |9 80813 
610 1 |a коллективизм 
610 1 |a гуманизм 
610 1 |a абстракции 
610 1 |a познание 
610 1 |a социальный дарвинизм 
686 |a Ю3  |v LBC/SL-A  |2 rubbk 
702 1 |a Мелещенко  |b З. Н.  |4 340 
712 0 2 |a Ленинградский государственный университет (ЛГУ)  |b Философский факультет  |c (1924-1991)  |2 stltpush  |3 (RuTPU)RU\TPU\col\77 
801 1 |a RU  |b 63413507  |c 20160923 
801 2 |a RU  |b 63413507  |c 20190121  |g RCR 
942 |c BK